000 00591cam a22002053a 4500
001 34975
003 PGUSA
005 20140828083744.0
008 110115s2011||||xxu|||||s|||||000 | eng d
040 _aPGUSA
_beng
042 _adc
100 1 _aWirt, Mildred A.
_q(Mildred Augustine),
_d1905-2002
245 1 0 _aWhispering Walls
_h[electronic resource] /
_cMildred A. Wirt
260 _bProject Gutenberg,
_c2011
506 _aPublic domain in the USA.
516 _aElectronic text
830 0 _aProject Gutenberg
_v34975
856 4 0 _uhttp://www.gutenberg.org/ebooks/34975
942 _cEB
999 _c264230
_d264230